Statystyki dla Europejskie miasta z metrem

Kliknij tutaj aby rozwiązać quiz!

Ogólne statystyki

  • Ten quiz został rozwiązany 876 razy
  • Średni wynik to 33 z 51

Statystyki odpowiedzi

KrajMiasta% Poprawnych
Paryż
99%
AustriaWiedeń
98%
PolskaWarszawa
98%
CzechyPraga
98%
NiemcyBerlin
97%
Madryt
97%
BelgiaBruksela
96%
Moskwa
96%
DaniaKopenhaga
96%
BiałoruśMinsk
96%
FinlandiaHelsinki
95%
GrecjaAteny
95%
HiszpaniaBarcelona
95%
NorwegiaOslo
94%
PortugaliaLizbona
93%
HolandiaAmsterdam
93%
Kijów
90%
BułgariaSofia
90%
Londyn
90%
Rzym
88%
SzwecjaSztokholm
87%
Monachium
86%
RumuniaBukareszt
86%
WęgryBudapeszt
83%
Petersburg
82%
Marsylia
79%
Lyon
79%
Rotterdam
77%
Hamburg
75%
Mediolan
74%
Neapol
65%
Sewilla
60%
Turyn
58%
Walencja
52%
Frankfurt
51%
Charków
49%
Bilbao
46%
FrancjaLille
29%
RosjaKazań
27%
Tuluza
27%
Wielka BrytaniaGlasgow
26%
Genua
17%
UkrainaDniepr
14%
Niżny Nowogród
13%
Samara
13%
Nowosybirsk
11%
Norymberga
11%
Rennes
9%
SzwajcariaLozanna
8%
Jekaterynburg
8%
WłochyBrescia
3%

Rozkład punktacji

Percentyl według liczby udzielonych odpowiedzi

Procent ludzi z każdym wynikiem

Twoja historia wyników

Nie rozwiązałeś tego quizu